Score 0/36 Timer 04:00
4 Plays Today
Hint 4-Letter Word % Correct
❈ Cyan, ultramarine, or navy ❈BLUE
96.5%
❈ Circular band worn on finger ❈RING
96.3%
❈ Peter Pan nemesis ❈HOOK
95.7%
Skating arenaRINK
95%
What an owl might giveHOOT
94.4%
Chimney residueSOOT
93.7%
❈ What grows from follicles ❈HAIR
93.7%
Pellets of frozen rainHAIL
93.3%
Two of a kindPAIR
92.2%
Eighth of a gallonPINT
91.3%
❈ Plunge head first into water ❈DIVE
91.3%
Goose callHONK
90%
Breathe in short, quick breathsPANT
89.6%
Sit down to a mealDINE
89.4%
Slender stick to aid walkingCANE
89.2%
Main body of a shipHULL
89.1%
Monty or ArsenioHALL
88.4%
Scalp line made by combPART
87.4%
Hint 4-Letter Word % Correct
❈ Male bovine ❈BULL
87%
Not anyNONE
86.8%
Mustelid bred for its furMINK
86.6%
Internet line quality testPING
85.8%
Male religious asceticMONK
85.3%
Copenhagen residentDANE
85.3%
Written statement of chargesBILL
84.7%
❈Tapered object with circular base❈CONE
84.6%
Pickle seasoningDILL
84.3%
Grohl, Mustaine, or BrubeckDAVE
83.5%
Young salmon or troutPARR
78.9%
Narrow openingSLOT
78.4%
Little car door dentDING
76.6%
TV edict: 'Don't touch that ____!'DIAL
73.7%
Blackthorn berry used in ginSLOE
69.6%
Turn or slide violently SLUE
68.5%
❈ U Michigan central open area ❈DIAG
62%
❈❈ COMMON BOND ❈❈NOSE
27.4%

Today's Daily Dose

Missing Word
Boxers

Quick Pick
Rise or Fall?

Get the Picture
A ‘B’ in Disney

You're not logged in!

Compare scores with friends on all Sporcle quizzes.
OR
Log In

Sporcle TV

Today on Sporcle TV


Watch our educational content, quiz creation guides, and fun videos on Sporcle TV.

Show Comments

Extras

Top Quizzes Today


Score Distribution

Paid Content

Your Account Isn't Verified!

In order to create a playlist on Sporcle, you need to verify the email address you used during registration. Go to your Sporcle Settings to finish the process.

Report this User

Report this user for behavior that violates our Community Guidelines.

Details: